Total Quality (Record no. 3348)

MARC details
000 -LEADER
fixed length control field 00371nam a22001697a 4500
005 - DATE AND TIME OF LATEST TRANSACTION
control field 20160621104622.0
008 - FIXED-LENGTH DATA ELEMENTS--GENERAL INFORMATION
fixed length control field 160621b xxu||||| |||| 00| 0 eng d
020 ## - INTERNATIONAL STANDARD BOOK NUMBER
ISBN 81-315-0189-2
041 ## - LANGUAGE CODE
Language code of text/sound track or separate title eng
082 ## - DEWEY DECIMAL CLASSIFICATION NUMBER
Item number 8679
100 ## - MAIN ENTRY--AUTHOR NAME
Personal name Evans, james R.
245 ## - TITLE STATEMENT
Title Total Quality
260 ## - PUBLICATION, DISTRIBUTION, ETC. (IMPRINT)
Name of publisher Congage
300 ## - PHYSICAL DESCRIPTION
Number of Pages 449
650 ## - SUBJECT ADDED ENTRY--TOPICAL TERM
Topical Term Management
942 ## - ADDED ENTRY ELEMENTS (KOHA)
Koha item type Books
Holdings
Lost status Damaged status Collection code Home library Current library Shelving location Date acquired Full call number Accession Number Koha item type
    MANAGEMENT JRU Library JRU Library SHELF-63-N 21/06/2016 8679 8679 Books
    MANAGEMENT JRU Library JRU Library SHELF-63-N 21/06/2016 8679 8680 Books
    Reference JRU Library   SHELF-29-A 21/06/2016 8679 8681 Books